[Event "Vlissingen HZ op 24th"]
[Site "Vlissingen"]
[Date "2022.08.12"]
[Round "8"]
[White "Van Dijkhuizen, Robbert"]
[Black "Wilgenhof, Otto"]
[Result "0-1"]
[WhiteElo "1869"]
[BlackElo "2170"]
[PlyCount "48"]
[EventDate "2022.08.06"]
[EventType "swiss"]
[EventRounds "9"]
[EventCountry "NED"]
[SourceTitle "CBM 209 Extra"]
[Source "ChessBase"]
[SourceDate "2022.09.30"]
[SourceVersion "1"]
[SourceVersionDate "2022.09.30"]
[SourceQuality "1"]

1. d4 Nf6 2. c4 c5 3. d5 b5 4. Qc2 e6 5. e4 bxc4 6. Bxc4 exd5 7. exd5 d6 8. Ne2 g6 9. Ng3 Bg7 10. 0-0 0-0 11. Nc3 h5 12. Bg5 Qb6 13. Rfe1 Nbd7 14. f4 Qb4 15. Nce4 Ng4 16. Kh1 Qxb2 17. Qxb2 Bxb2 18. Rab1 Bd4 19. Re2 f6 20. Bh4 Nb6 21. Bb5 Bb7 22. h3 Ne3 23. Bc6 Bxc6 24. dxc6 Ned5 0-1

[Event "Vlissingen HZ op 24th"]
[Site "Vlissingen"]
[Date "2022.08.10"]
[Round "6"]
[White "Van Dijkhuizen, Robbert"]
[Black "Van der Hagen, Loek"]
[Result "1/2-1/2"]
[WhiteElo "1869"]
[BlackElo "2135"]
[PlyCount "65"]
[EventDate "2022.08.06"]
[EventType "swiss"]
[EventRounds "9"]
[EventCountry "NED"]
[SourceTitle "CBM 209 Extra"]
[Source "ChessBase"]
[SourceDate "2022.09.30"]
[SourceVersion "1"]
[SourceVersionDate "2022.09.30"]
[SourceQuality "1"]

1. d4 g6 2. c4 Bg7 3. Nc3 c5 4. Nf3 cxd4 5. Nxd4 Nc6 6. Nb3 Nf6 7. e4 d6 8. Be2 Be6 9. Be3 Ne5 10. Nd2 Qa5 11. 0-0 0-0 12. Nd5 Bxd5 13. cxd5 Rfc8 14. f3 a6 15. Nb3 Qa4 16. Nd4 Qxd1 17. Rfxd1 Nc4 18. Bxc4 Rxc4 19. Rac1 Rac8 20. Rxc4 Rxc4 21. Ne2 Nd7 22. Rc1 Rxc1+ 23. Bxc1 Nc5 24. b3 h5 25. Bd2 Kf8 26. Kf1 Ke8 27. Nc1 Kd7 28. Ke2 Kc7 29. Nd3 Nd7 30. Ba5+ b6 31. Bd2 Bd4 32. Nb4 Nb8 33. Nd3 1/2-1/2

[Event "Vlissingen HZ op 22nd"]
[Site "Vlissingen"]
[Date "2018.08.04"]
[Round "1"]
[White "Henrichs, Thomas"]
[Black "Van Dijkhuizen, Robbert"]
[Result "1-0"]
[WhiteElo "2486"]
[BlackElo "1845"]
[PlyCount "47"]
[EventDate "2018.08.04"]
[EventType "swiss"]
[EventRounds "9"]
[EventCountry "NED"]
[SourceTitle "CBM 185 Extra"]
[Source "ChessBase"]
[SourceDate "2018.07.29"]
[SourceVersion "1"]
[SourceVersionDate "2018.07.29"]
[SourceQuality "1"]

1. d4 d5 2. c4 c6 3. Nf3 Nf6 4. Nc3 e6 5. e3 Nbd7 6. Qc2 Be7 7. Bd3 h6 8. b3 0-0 9. Bb2 b6 10. 0-0 Bb7 11. Rad1 Qc7 12. Ne5 Nxe5 13. dxe5 dxc4 14. Bxc4 Ng4 15. Ne4 h5 16. h3 Nh6 17. Nf6+ Bxf6 18. exf6 g6 19. Bxe6 Kh7 20. Rd7 Qb8 21. Re7 Bc8 22. Bc4 Bf5 23. e4 Bc8 24. Be5 1-0